000 00786nam a2200277Ia 4500
001 Para_257
003 CHAP
008 220125s1930 xx 000 0 und d
010 _a199015
040 _cCHAP
090 _aPA FOLLETO 100
100 _aVolck, William H.
_9164323
245 _aCitrus pest control :
_b in southern California /
_c by William H. Volck and Ronald W. Hunt
260 _aBerkeley, Cal. :
_b California Spraye-Chemical company
300 _a24 p.
410 _aBulletin
650 _aCitricos
_x enfermedades
_924423
700 _aI. Hunt, Ronald W.
_9163833
901 _aPA FOLLETO 100
902 _aA
905 _a0000001930 i 0000000000 00
910 _a1930
942 _cPARA
942 _cPARA
_d1
999 _c199015
_d199015